États des États-Unis en 1 minute - Statistiques

Statistiques générales
  • Ce quiz a été pris 214 fois
  • Le résultat moyen est 21 sur 50
Réponses sur la Carte
Les réponses sont colorées sur une échelle allant du rouge au vert en fonction du pourcentage des utilisateurs qui les ont devinées à leur premier essai. Vous pouvez retrouver ces pourcentages ci-dessous.
 
Statistiques - réponses
État % Correct
Californie
85%
Alaska
80%
Floride
76%
Texas
76%
Alabama
63%
Washington
61%
Hawaï
60%
Arizona
55%
Arkansas
53%
New York
51%
Nevada
50%
Oregon
50%
Utah
50%
Colorado
49%
Ohio
49%
Idaho
48%
Iowa
47%
Dakota du Nord
44%
Michigan
44%
Maine
43%
Montana
43%
Dakota du Sud
42%
Kansas
42%
Géorgie
41%
Louisiane
41%
Nouveau-Mexique
40%
Illinois
39%
Caroline du Nord
38%
Mississippi
37%
Vermont
37%
Virginie
34%
Caroline du Sud
33%
Missouri
33%
Wyoming
32%
Minnesota
31%
Nebraska
31%
Indiana
30%
Kentucky
30%
New Jersey
29%
Delaware
28%
Wisconsin
28%
Connecticut
26%
Massachusetts
26%
Pennsylvanie 
23%
Tennessee
23%
Oklahoma
22%
Maryland
20%
New Hampshire
19%
Rhode Island
17%
Virginie-Occidentale
12%
Aucun quiz correspondant
Distribution des résultats
% des personnes avec chaque résultat
Percentile par nombre de réponses
Votre historique - résultats
Vous n’avez pas pris ce quiz